000 00290nam a2200121Ia 4500
008 190216s9999||||xx |||||||||||||| ||und||
100 _aYadvendramsharma Chandra
245 0 _aHindi- Dalit Narividroh Ki Kahnian
260 _bSarika
_c2008
300 _a128
650 _aHindi
942 _cBK
999 _c16456
_d16456